Democracia en Guatemala: la misión de un pueblo entero

Na minha lista:
Detalhes bibliográficos
Formato: Texto
Assuntos:
Tags: Adicionar Tag
Sem tags, seja o primeiro a adicionar uma tag!

MARC

LEADER 00000 a a2200000 04500
001 8532
003
040
245 |a Democracia en Guatemala:   |b la misión de un pueblo entero  
650 |a PARTIDOS POLITICOS  
650 |a DEMOCRACIA  
650 |a POLITICA  
650 |a GUATEMALA  
773 |g volumen 7, número 53; páginas 66-70  
999 |c 29287  |d 29287